000 00526nam a2200181Ia 4500
008 100920s9999 xx 000 0 und d
082 _b31129
_a8 ढ 55
100 _aMACAULARY TJOMAS BABINGTION.
245 _aTHE HISTORY OF ENGLAND.
260 _bLONGMAN , BROWN, GREEN AND COM. LONDON.
_c1855
300 _a836
_bसाधी
365 _b0
520 _aहिस्ट्नी.
630 _aTHE HISTORY OF ENGLAND.
650 _aहिस्ट्नी.
730 _aTHE HISTORY OF ENGLAND.
942 _cBOOK
999 _c686420
_d686417